Methods in studying cardiac membranes / (Record no. 13646)
[ view plain ]
| 000 -LEADER | |
|---|---|
| fixed length control field | 00476cam a2200181 a 4500 |
| 020 ## - INTERNATIONAL STANDARD BOOK NUMBER | |
| ISBN | 0849359953 (v. 1) |
| 020 ## - INTERNATIONAL STANDARD BOOK NUMBER | |
| ISBN | 0849359961 (v. 2) |
| 040 ## - CATALOGING SOURCE | |
| Transcribing agency | DLC |
| 082 00 - DEWEY DECIMAL CLASSIFICATION NUMBER | |
| Classification number | 599 CRC 1984 A025 Or. |
| 245 00 - TITLE STATEMENT | |
| Title | Methods in studying cardiac membranes / |
| 260 ## - PUBLICATION, DISTRIBUTION, ETC. (IMPRINT) | |
| Place of publication | Boca Raton, FL : |
| Name of publisher | CRC Press, |
| Year of publication | c1984. |
| 300 ## - PHYSICAL DESCRIPTION | |
| Number of Pages | 2 v. : |
| Other physical details | ill. ; |
| Dimensions | 27 cm. |
| 650 #0 - SUBJECT ADDED ENTRY--TOPICAL TERM | |
| Topical Term | Heart. |
| 650 #0 - SUBJECT ADDED ENTRY--TOPICAL TERM | |
| Topical Term | Sarcolemma. |
| 650 #0 - SUBJECT ADDED ENTRY--TOPICAL TERM | |
| Topical Term | Mitochondrial membranes. |
| 700 1# - ADDED ENTRY--PERSONAL NAME | |
| Personal name | Dhalla, Naranjan S. |
| 942 ## - ADDED ENTRY ELEMENTS (KOHA) | |
| Koha item type | សៀវភៅភាសាអង់គ្លេស |
| 952 ## - LOCATION AND ITEM INFORMATION (KOHA) | |
| Withdrawn status [LOCAL, KOHA] | 0 |
| Permanent Location | Date acquired | Koha item type | Lost status | Shelving location | Barcode | Current Location | Full call number |
|---|---|---|---|---|---|---|---|
| Library Block A | 2017-08-29 | សៀវភៅភាសាអង់គ្លេស | A025 | a18997 | Library Block A | 599 CRC 1984 A025 Or. |